| 000 | 00978nmm a2200337 a 4500 | ||
|---|---|---|---|
| 003 | AR-BaBNM | ||
| 005 | 20251128203204.0 | ||
| 008 | 305019s1965 ||||||||||||||000 | spa|| | ||
| 020 | _a950-13-6036-9 | ||
| 040 | _cAR-BaBNM | ||
| 100 | 1 |
_aNassif, Ricardo _d1924-1984 |
|
| 245 | 1 | 0 |
_aPedagogía de nuestro tiempo _bhechos, problemas, orientaciones |
| 260 |
_aBuenos Aires _bKapelusz _c1965 |
||
| 300 | 0 | _a179 p. | |
| 500 | 0 | _aPrólogo del autor | |
| 650 | 4 | _aCALIDAD DE LA EDUCACION | |
| 650 | 4 | _aNIVELES DE EDUCACION | |
| 650 | 4 | _aENSENANZA DE LA CIENCIA | |
| 650 | 4 | _aEDUCACION PERMANENTE | |
| 650 | 4 | _aPROCESO DE APRENDIZAJE | |
| 650 | 4 | _aDEMOCRATIZACION DE LA EDUCACION | |
| 650 | 4 | _aSISTEMAS ESCOLARES | |
| 650 | 4 | _aDOCENTES | |
| 650 | 4 | _aROL DEL DOCENTE | |
| 650 | 4 | _aPERFECCIONAMIENTO DEL DOCENTE | |
| 650 | 4 | _aRELACION ALUMNO-DOCENTE | |
| 650 | 4 | _aSOCIOLOGIA DE LA EDUCACION | |
| 653 | 0 | _aORIENTACION EDUCATIVA | |
| 942 | _cBK | ||
| 998 | _cCarmen | ||
| 999 |
_c2302 _d2302 |
||